000 00514nam a22001937a 4500
005 20150512051003.0
008 110604s2011 nyuab b 001 0 eng
020 _a9780073528267
041 0 _aeng
080 _a316
100 1 _aSchaefer, Richard T.
245 1 0 _aSociology :
_cRichard T. Schaefer.
250 _a9th ed.
260 _aNew York :
_bMcGraw-Hill,
_c2011.
300 _a495 f. :
_bme il.;
_c28 cm.
505 0 _aIndex: f. 475-495
650 0 _aSociologjia
942 _2udc
_cBK
999 _c739
_d739